Normal view
MARC view
Entry Topical Term
001 - CONTROL NUMBER
- control field: 30639
003 - CONTROL NUMBER IDENTIFIER
- control field:
005 - DATE AND TIME OF LATEST TRANSACTION
- control field: 20230928003210.0
008 - FIXED-LENGTH DATA ELEMENTS
- fixed length control field: 230928|| aca||aabn | a|a d
040 ## - CATALOGING SOURCE
- Original cataloging agency:
- Transcribing agency:
150 ## - HEADING--TOPICAL TERM
- Topical term or geographic name entry element: French literature
670 ## - SOURCE DATA FOUND
- Source citation: Work cat.: ()15614: ARIOLE, Victor C. aut 30638, Les femmes au pouvoir/, 2020
